[Event "HUN-ch"]
[Site "Hungary"]
[Date "1992.??.??"]
[Round "4"]
[White "Tolnai, Tibor"]
[Black "Adorjan, Andras"]
[Result "0-1"]
[WhiteElo "2495"]
[BlackElo "2550"]
[Annotator "Ftacnik,L"]
[PlyCount "108"]
[EventDate "1992.12.??"]
[EventType "tourn"]
[EventRounds "11"]
[EventCountry "HUN"]
[EventCategory "11"]
[SourceTitle "CBM 034"]
[Source "ChessBase"]
[SourceDate "1993.06.01"]
[SourceVersion "1"]
[SourceVersionDate "1993.06.01"]
[SourceQuality "1"]

1. Nf3 Nf6 2. c4 b6 3. Nc3 Bb7 4. d4 e6 5. Qc2 c5 6. dxc5 Bxc5 7. Bg5 h6 8. Bh4
Be7 9. e3 O-O 10. Be2 Na6 $1 (10... d5 11. O-O Nbd7 12. Rfd1 Rc8 13. Rac1 {
Sokolov,I-Stohl,I/Burgas/1992/} dxc4 14. Ne5 Nxe5 15. Rxd8 Rfxd8 $13) 11. O-O
Nc5 12. Rfd1 Nfe4 13. Bxe7 (13. Bg3 Nxc3 14. Qxc3 Ne4) 13... Qxe7 14. Nd2 $6 (
14. Nxe4 Nxe4 $10) 14... Nxc3 15. Qxc3 d5 16. Bf3 (16. b4 Nd7 17. cxd5 Rfc8 $10
) 16... Rfd8 17. h3 (17. b4 Na6 18. a3 Rac8 19. b5 (19. Qb3 dxc4 20. Nxc4 Bxf3
21. gxf3 Nc7 $10) 19... Nc5 $1) 17... dxc4 $1 18. Bxb7 Nxb7 19. Nxc4 Rac8 20.
Qa3 Qxa3 21. Nxa3 Nc5 22. Nb5 a6 23. Nc3 $6 (23. Nd6 Rc6 (23... Rc7 24. Nc4
Rxd1+ 25. Rxd1 Na4 26. b3 b5 27. Rd8+ Kh7 28. Ne5 Nc3 29. a3 $10) 24. Nc4 Nd3 (
24... Rdc8 25. Ne5 R6c7 26. Rd6) 25. Ne5 Rcd6 26. Nc4 $10) 23... Nd3 24. Rd2
Ne5 25. Rxd8+ (25. Rad1 Rxd2 26. Rxd2 Kf8 $10) 25... Rxd8 26. Rd1 Rc8 27. Rd4
Kf8 28. Kf1 Ke7 29. Ke2 Nc4 30. Nd1 b5 31. Rd3 b4 32. f4 (32. a3 Nxb2 $1 33.
Nxb2 Rc2+ 34. Rd2 Rxd2+ 35. Kxd2 bxa3 $19) (32. b3 Na3) (32. Rb3 Rb8 33. Rd3 (
33. Nc3 bxc3 34. Rxb8 c2 $19) 33... a5 34. a3) 32... a5 33. a3 $2 (33. Rb3 Rb8
34. a3 $2 bxa3 35. Rxb8 a2 $19) (33. Rd4) 33... Nxb2 $1 34. Nxb2 Rc2+ 35. Kf3 (
35. Rd2 Rxd2+ 36. Kxd2 bxa3 $19) 35... Rxb2 36. axb4 Rxb4 37. Rc3 Rb7 38. Ra3
Ra7 39. Ke4 Kd6 40. Kd4 a4 41. Kc4 f5 (41... Ra8 $1 42. Kb5 (42. Kd4 e5+ 43.
Kc4 (43. Ke4 exf4 $19) 43... Ke6 44. g4 f5 45. Kc5 g5 $19) 42... Kd5 43. Kb6
Kc4 $19) 42. Kb5 Rb7+ 43. Kc4 Ra7 44. Kb5 Rb7+ 45. Kc4 Rb2 46. Rxa4 (46. g4 Rb3
$1 47. Rxb3 axb3 48. Kxb3 Kd5 49. Kc3 Ke4 50. Kd2 fxg4 51. hxg4 Kf3 $19) 46...
Rxg2 47. Ra7 g5 48. Ra6+ Ke7 49. Ra7+ Kf6 50. Rh7 Kg6 51. Re7 Kf6 52. Rh7 gxf4
53. Rxh6+ (53. exf4 Kg6 54. Re7 Re2 {/\ Re4}) 53... Kg7 54. Rxe6 f3 (54... f3
55. Kd3 Rg1 $19) 0-1

[Event "FIDE-Wch"]
[Site "Elista"]
[Date "1996.06.24"]
[Round "10"]
[White "Kamsky, Gata"]
[Black "Karpov, Anatoly"]
[Result "1-0"]
[WhiteElo "2735"]
[BlackElo "2770"]
[Annotator "Ftacnik,L"]
[PlyCount "117"]
[EventDate "1996.06.06"]
[EventType "match"]
[EventRounds "18"]
[EventCountry "RUS"]
[SourceTitle "CBM 054"]
[Source "ChessBase"]
[SourceDate "1996.10.01"]
[SourceVersion "1"]
[SourceVersionDate "1996.10.01"]
[SourceQuality "1"]

1. d4 {VanWely} Nf6 2. c4 e6 3. Nf3 b6 4. a3 Bb7 5. Nc3 d5 6. cxd5 Nxd5 7. Bd2
Nd7 8. Qc2 c5 (8... Be7 9. e4 N5f6 10. O-O-O) 9. Nxd5 (9. e4 Nxc3 10. Bxc3 cxd4
11. Nxd4 a6) 9... exd5 (9... Bxd5 10. e4 Bb7 11. Bc3 (11. Rd1 cxd4 12. Nxd4 a6
13. Bc3 Qc7 14. Be2 Be7 15. O-O O-O 16. f3 Rac8 17. Qd2 Rfd8 18. Bb4 Nc5 19.
Qe1 Bf6 20. Qf2 Na4 21. Nb3 Nxb2 {Anastasian,A-Dive,R/Moscow olm (01)/1994/0-1
(55)}) (11. d5 exd5 12. exd5 Bd6 13. O-O-O O-O 14. Ng5 Nf6 15. h4 Be5 16. Bc4
Bd4 17. Bf4 b5 18. Bxb5 Bxd5 19. Bc4 Bxc4 20. Be5 Qb6 21. Bxf6 g6 22. Bxd4 cxd4
23. b4 Rfc8 24. Kb2 a5 {0-1 Eingorn,V-Palac,M/Graz op (06)/1995/ (29)}) 11...
cxd4 12. Nxd4 a6 13. O-O-O Qc7 14. Bd3 Rc8 15. Rhe1 Nc5 16. e5 Nxd3+ 17. Rxd3
Be7 18. f4 Qc4 19. f5 Bg5+ 20. Kb1 Bd5 21. b3 Qc5 22. Bb4 Qxc2+ {1/2-1/2
Alvarez Ibarra,D-Servat,R/Capablanca mem-B (07)/1995/}) 10. dxc5 bxc5 (10...
Bxc5 $5) 11. e3 Be7 12. Bd3 g6 $6 (12... Qb6 $5) 13. h4 Qb6 (13... Bf6 14. h5
Qe7 $13) 14. h5 Bf6 15. Rb1 Rc8 $6 (15... O-O-O 16. b4 (16. Bc3 Kb8) 16... c4
17. Be2 Ne5 18. Nd4 Nc6 $1 $132) 16. Qa4 $1 Bc6 (16... c4 17. Be2 Bc6 18. Qb4
Nc5 19. Bc3 $14) 17. Qg4 Bb5 18. Bc2 $1 a5 $6 (18... Qe6 $5 19. Qxe6+ fxe6 20.
hxg6 hxg6 21. Rxh8+ Bxh8 22. Bxg6+ Ke7 $44) 19. hxg6 hxg6 20. Rxh8+ Bxh8 21.
Ng5 (21. Bc3 Bxc3+ 22. bxc3 Qc6 $13) 21... Bf6 (21... Rd8 $5 22. Qf4 Ne5) 22.
a4 Bc6 (22... Ba6 23. Nxf7 $1) 23. Kf1 $1 Ke7 $2 (23... Qd8 $1 24. e4 d4 25.
Bb3 Bxg5 26. Bxg5 Qb6 27. Qh3 $36) (23... Kf8 24. Nh7+ Kg7 25. Nxf6 $16) 24. e4
$1 Qa6+ $6 (24... d4 25. f4 (25. Nh7 Rh8 $1 26. Nxf6 Nxf6 27. Qf3 Rh1+ 28. Ke2
Rxb1 29. Bxb1 Qxb2 $19) 25... Rh8 26. e5 $40) 25. Kg1 Ne5 26. Qf4 d4 (26... Qc4
27. exd5 Bxd5 28. Be4 $16) 27. Nh7 $1 Bh8 28. Qh4+ f6 (28... Kd6 29. f4 Nc4 30.
e5+ Kd7 31. Qh3+ Kc7 32. Bd3 $16) 29. f4 Nd7 (29... Qe2 30. fxe5 Qxd2 31. Nxf6
$1 Qe3+ 32. Kh1 Ke6 33. Qg4+ (33. b4 $5 c4 34. Qg4+) 33... Kxe5 34. Qxc8 Qh6+
35. Nh5 Qxh5+ 36. Kg1 $18) 30. Re1 (30. e5 Qe2 $1) 30... Qc4 31. Bb1 Kd6 (31...
Rb8 32. e5 Rxb2 33. exf6+ Kd6 34. f5 $18) 32. e5+ fxe5 33. fxe5+ Nxe5 (33...
Bxe5 $142 34. Bf4 Qd5 35. Be4 (35. Bxe5+ {Van Wely} Nxe5 36. Be4 Qf7 37. Ng5
Qg7 38. Bxc6 Rxc6 39. Qh3 $1 Qe7 40. Ne4+ Kc7 41. Qg3 $18 {/\ 42.Ng5}) 35...
Qe6 36. Ng5 Qe7 37. Bxc6 Kxc6 38. Bxe5 Nxe5 39. Qe4+ Kd6 40. Qxe5+ Qxe5 41.
Nf7+ $18) (33... Kc7 34. e6 Nb6 35. Nf8 $1 Qd5 36. Qe7+ Kb8 37. Be4 $18) 34.
Bf4 Qd5 (34... Re8 35. Nf6 $18) 35. Be4 Qe6 36. Ng5 Qe7 37. Bxc6 Kxc6 38. Bxe5
Bxe5 39. Qe4+ Kd6 40. Qxg6+ (40. Qxe5+ Qxe5 41. Nf7+ Kd5 42. Rxe5+ Kc6 43. Rg5
$18) 40... Kc7 (40... Kd7 41. Qf5+ Kc7 42. Rxe5 $18) 41. Ne6+ Kd6 42. Nf4+ (42.
Nxd4+ Qf6 43. Nb5+ Ke6 44. Qg4+ Qf5 45. Rxe5+ Kxe5 46. Qxf5+ Kxf5 47. Nd6+ $18)
(42. Nxc5+ Kxc5 43. Rc1+ Kd5 44. Rxc8 Bh2+ 45. Kf1 $18) 42... Qf6 43. Qxf6+
Bxf6 44. Re6+ Kd7 45. Rxf6 Rb8 (45... c4 46. Rf5 $18) 46. Nd3 c4 47. Ne5+ Ke7
48. Rf4 (48. Nc6+ Kxf6 49. Nxb8 c3 50. bxc3 dxc3 51. Nd7+ Kf5 52. Nc5 $18)
48... Rxb2 49. Nxc4 Rb4 50. Rxd4 Rxa4 51. Kf2 Ra2+ 52. Kf3 a4 53. Ne3 Ke6 54.
Ke4 Ra1 55. g4 Ke7 (55... a3 56. Ra4 a2 57. Nc2 Rg1 58. Ra6+ Kf7 59. Kf5 Rf1+
60. Kg5 $18) 56. Rd5 Kf6 57. Ra5 Kg6 58. Kf4 Kf7 59. Ra6 1-0

[Event "Groningen"]
[Site "Groningen"]
[Date "1992.??.??"]
[Round "7"]
[White "Miles, Anthony John"]
[Black "Rozentalis, Eduardas"]
[Result "0-1"]
[WhiteElo "2595"]
[BlackElo "2590"]
[Annotator "Ftacnik,L"]
[PlyCount "80"]
[EventDate "1992.12.??"]
[EventType "tourn"]
[EventRounds "9"]
[EventCountry "NED"]
[EventCategory "14"]
[SourceTitle "CBM 034"]
[Source "ChessBase"]
[SourceDate "1993.06.01"]
[SourceVersion "1"]
[SourceVersionDate "1993.06.01"]
[SourceQuality "1"]

1. d4 Nf6 2. Nf3 e6 3. c4 b6 4. Nc3 Bb7 5. a3 d5 6. Bg5 Be7 7. e3 O-O 8. Rc1 c5
9. cxd5 cxd4 $5 (9... Nxd5 10. Bxe7 Qxe7 11. Nxd5 Bxd5 12. dxc5 $14) (9... exd5
) 10. d6 dxc3 11. dxe7 Qxe7 12. Rxc3 Nbd7 13. Rc7 Bxf3 14. gxf3 (14. Qxf3 Qd6)
14... Qd8 15. Rc2 Rc8 16. Rd2 Rc5 $1 (16... Qe7 $5 $13) (16... Ne5 17. Rxd8
Rfxd8 18. Qb1 Nxf3+ 19. Ke2 Nxg5 $13) 17. Rg1 (17. Bxf6 Qxf6 18. Rxd7 Qxb2 19.
Rd2 Qxa3 $17) 17... Qc7 18. Bf4 Ne5 (18... e5 19. Bh6 Rc1 20. Bxg7 Rxd1+ 21.
Rxd1 Rb8 22. Bh6+ Kh8 23. Bg7+ $10) 19. Rg5 (19. Bxe5 $2 Qxe5 20. Rg3 Qc7 21.
Qe2 Rc1+ 22. Rd1 Rd8 $19) 19... Rc1 20. Bxe5 Rxd1+ 21. Rxd1 Qe7 22. Bd6 Qb7 23.
Bxf8 Kxf8 24. Bg2 Qc7 25. f4 h6 26. Rb5 Ng4 27. Be4 (27. h3 $2 Nxf2 28. Kxf2
Qc2+ 29. Ke1 Qxg2 $19) 27... Nxh2 28. Rb4 Ng4 29. Bf3 Nf6 30. Rbd4 g5 31. R1d2
g4 32. Ba8 h5 33. Kd1 Qc5 34. e4 e5 $1 35. Rd8+ Kg7 36. f5 h4 37. Rc2 Qb5 38.
Kc1 h3 39. Rd1 Qb3 40. Rf1 Qf3 0-1

[Event "Bundesliga 0405"]
[Site "Germany"]
[Date "2004.12.12"]
[Round "6.2"]
[White "Pedersen, Steffen"]
[Black "Pelletier, Yannick"]
[Result "1-0"]
[WhiteElo "2441"]
[BlackElo "2589"]
[Annotator "Ftacnik,L"]
[PlyCount "49"]
[EventDate "2004.11.12"]
[EventType "team-tourn"]
[EventRounds "15"]
[EventCountry "GER"]
[SourceTitle "CBM 106"]
[Source "ChessBase"]
[SourceDate "2005.06.06"]
[SourceVersion "1"]
[SourceVersionDate "2005.06.06"]
[SourceQuality "1"]
[WhiteTeam "Preetz"]
[BlackTeam "Werder Bremen"]
[WhiteTeamCountry "GER"]
[BlackTeamCountry "GER"]

1. d4 Nf6 2. c4 e6 3. Nf3 b6 4. a3 Bb7 5. Nc3 d5 6. cxd5 Nxd5 7. Qc2 Nxc3 8.
bxc3 Be7 9. e4 O-O 10. Bd3 c5 11. O-O Qc7 12. Qe2 Nc6 13. Bb2 Rfd8 14. Rad1 Na5
$6 {Black moves away the knight from the center in order to get some queenside
counterplay. Pedersen reacts with radical occupation of the center with his
own calvary.} (14... e5 15. Nxe5 Nxe5 16. dxe5 Qxe5 17. f4 Qe6 18. c4 f6 19.
Rfe1 $14) 15. Ne5 $1 Bd6 (15... Nc6 16. f4 cxd4 17. Nxc6 Bxc6 18. cxd4 $14) (
15... f6 16. Nc4 $14) 16. f4 f6 17. Ng4 h5 (17... Bxf4 18. Nxf6+ gxf6 19. Qg4+
Bg5 20. h4 c4 21. Bc2 Qe7 22. hxg5 fxg5 23. Bc1 $16) 18. Nxf6+ $5 (18. e5 hxg4
19. exd6 Rxd6 20. Qxg4 cxd4 21. cxd4 f5 22. Qh3 Nc4 $14) 18... gxf6 19. e5 c4
$6 {[%mdl 128] Pelletier is making a false move, that is not contributing
towards the defense of the kingside. Best defense 19...Bf8!? would test
white's attacking skills to the limit.} (19... Bf8 $5 20. exf6 (20. Qxh5 Qg7
21. Bg6 f5 22. Rd3 Qe7 23. Rg3 Bg7 $17) 20... Qf7 21. f5 exf5 22. Rxf5 Rd5 $15)
(19... Be7 $2 20. Qxh5 $16) 20. Bg6 (20. exd6 cxd3 21. Rxd3 (21. dxc7 dxe2 22.
cxd8=Q+ Rxd8 $19) 21... Qh7 (21... Rxd6 22. Rg3+ Kh8 23. f5 Qh7 $15) 22. Qxe6+
(22. f5 exf5 23. Qe6+ (23. Rg3+ Kh8 24. Rh3 Re8 25. Qxh5 Qxh5 26. Rxh5+ Kg7 27.
Rhxf5 Re2 $17) 23... Qf7 24. Qxf5 Rxd6 25. Rg3+ Kh8 26. Bc1 Rg8 $17) 22... Qf7
23. Rg3+ Kf8 24. Qh3 Nc4 25. Bc1 $13) 20... Qg7 21. Qxh5 Bf8 (21... Be7 22. f5
exf5 (22... Be4 23. Bc1 fxe5 24. Bh6 Qf6 25. Bg5 Qg7 26. Bxe7 Qxe7 27. f6 $18)
23. Bc1 Bd5 24. exf6 Bxf6 25. Rxf5 $18) 22. exf6 Qh6 (22... Qd7 23. f5 $18) 23.
Qg4 {The only thing white now needs is to bring some reserves for the kingside
attack.} Kh8 24. Rde1 Bxa3 25. Re3 $1 (25. Re3 $1 Bxb2 26. Rh3 $18) 1-0

[Event "RUS-ch sf 58th"]
[Site "Kazan"]
[Date "2005.09.05"]
[Round "3"]
[White "Chuprov, Dmitry"]
[Black "Khismatullin, Denis Rimovich"]
[Result "1-0"]
[WhiteElo "2477"]
[BlackElo "2583"]
[Annotator "Ftacnik,L"]
[PlyCount "51"]
[EventDate "2005.09.03"]
[EventType "swiss"]
[EventRounds "9"]
[EventCountry "RUS"]
[SourceTitle "CBM 109"]
[Source "ChessBase"]
[SourceDate "2005.11.14"]
[SourceVersion "1"]
[SourceVersionDate "2005.11.14"]
[SourceQuality "1"]

1. d4 Nf6 2. Nf3 e6 3. c4 b6 4. Nc3 Bb7 5. Bg5 h6 6. Bh4 Be7 7. e3 c5 8. dxc5
bxc5 9. Bd3 {Chuprov sets his sight on the potential kingside attack along the
b1-h7 diagonal.} (9. Be2 Ne4 (9... d6 10. Qc2 g5 11. Bg3 Nh5 12. O-O-O Qb6 13.
Ne4 Nxg3 14. hxg3 g4 15. Nh4 Rg8 16. Rd2 Na6 17. a3 O-O-O {1/2-1/2 Ribli,Z 
(2585)-Forintos,G (2465)/Budapest 1981/}) (9... a6 10. O-O O-O 11. Qb3 Qc7 12.
Bg3 d6 13. Nd2 Nc6 14. Rad1 Rfd8 15. Nce4 Nxe4 16. Nxe4 Ne5 17. Nxc5 dxc5 18.
Bxe5 Qxe5 19. Qxb7 Bd6 {1/2-1/2 Cherednichenko,S (2166)-Malahov,V/Sevastopol
2000/}) 10. Nxe4 Bxe4 11. Bxe7 Qxe7 12. O-O O-O 13. Qa4 d6 14. Rfd1 Nd7 15. Nd2
Nb6 16. Qa5 Bc6 17. Rac1 Qb7 18. Bf3 Rad8 19. b3 Nd7 20. Bxc6 Qxc6 21. Nf3 Nf6
{1/2-1/2 Golz,W-Liebert,H/Colditz 1967/}) 9... Nc6 10. O-O d6 (10... O-O 11. a3
d6 12. Qc2 Qb6 $13) 11. Bc2 g5 (11... O-O 12. a3 Rb8 $13) 12. Bg3 h5 (12... Nh5
13. Ne5 $5 Nxg3 (13... Nxe5 14. Bxe5 dxe5 15. Qxh5 $16) 14. Nxc6 Bxc6 15. fxg3
$14) 13. Nb5 $5 {Khismatullin was forcing the solution on the kingside, so
white is increasin the pressure in the center. With advanced development he is
better prepared for the direct contact of forces.} g4 (13... e5 14. h4 $16) 14.
Ne1 (14. Ng5 Ne5 15. Ba4 (15. Qe2 h4 16. Bxe5 dxe5 17. Ba4 O-O $13) 15... O-O
$11) 14... Ne5 15. Bxe5 dxe5 16. Qxd8+ Kxd8 (16... Rxd8 17. Nxa7 Kf8 18. Nb5 e4
$13) 17. Rd1+ Kc8 18. f3 gxf3 (18... a6 19. Nc3 gxf3 20. Nxf3 $11) 19. Nxf3 Ng4
$2 {[%mdl 128] For the second time in the game black is provoking the crises
with pieces lacking proper coordination. The consequences will now be quite
critical.} (19... a6 20. Nc3 (20. Nd6+ Bxd6 21. Rxd6 Ng4 22. Re1 Kc7 $15) 20...
Ng4 21. Rfe1 Rb8 $11) 20. Ng5 $5 Bxg5 (20... Nxe3 21. Rxf7 Re8 (21... Nxd1 22.
Rxe7 Rd8 23. Nf7 Ne3 24. Rc7+ Kb8 25. Nxd8 $18) 22. Nxe6 Nxd1 (22... Nxc2 23.
Rxe7 $18) 23. Bxd1 Bc6 24. Bxh5 $16) 21. Rxf7 (21. Nd6+ Kb8 22. Rxf7 Bc8 23.
Rd3 Bd8 24. Rb3+ Bb6 25. Be4 $16) 21... Kb8 (21... Rd8 22. Rxd8+ Kxd8 23. Rxb7
Bxe3+ 24. Kf1 $16) (21... Bxe3+ 22. Kf1 Bc6 23. Rc7+ (23. Nd6+ Kd8 24. Nb7+ Ke8
25. Nd6+ $11) 23... Kb8 24. Rxc6 Bd4 25. Be4 $1 Ne3+ 26. Ke2 Nxd1 27. Kxd1 $18)
22. Rdd7 $1 Bc6 (22... Bxe3+ 23. Kf1 Ba6 24. Nd6 Bxc4+ 25. Ke1 Bf2+ 26. Kd1
Ne3+ 27. Kc1 $18) 23. Nd6 {Chuprov was quick to spot the chance of creating a
mating net around the black king.} Bxe3+ 24. Kf1 Bxd7 (24... a6 25. Rb7+ Bxb7
26. Rxb7#) 25. Rxd7 Rf8+ 26. Ke1 (26. Ke1 Bd2+ 27. Kxd2 Rf2+ 28. Ke1 $18) 1-0

[Event "EU-Cup 15th final"]
[Site "Bugojno"]
[Date "1999.10.30"]
[Round "2"]
[White "Gelfand, Boris"]
[Black "Nikolic, Predrag"]
[Result "1-0"]
[WhiteElo "2713"]
[BlackElo "2641"]
[Annotator "Ftacnik,L"]
[PlyCount "85"]
[EventDate "1999.10.29"]
[EventType "team-k.o."]
[EventRounds "3"]
[EventCountry "BIH"]
[SourceTitle "EXT 2020"]
[Source "ChessBase"]
[SourceDate "2019.10.17"]
[SourceVersion "1"]
[SourceVersionDate "2019.10.17"]
[SourceQuality "1"]
[WhiteTeam "Zemun Agrouniverzal"]
[BlackTeam "Kiseljak"]
[WhiteTeamCountry "SRB"]
[BlackTeamCountry "BIH"]

1. Nf3 Nf6 2. d4 e6 3. c4 b6 4. a3 Bb7 5. Nc3 g6 6. Qc2 Bg7 7. e4 d5 8. cxd5
exd5 9. e5 Ne4 10. Bb5+ (10. Bd3 f5 (10... Nxc3 11. bxc3 O-O (11... c5 12. Qe2
O-O 13. O-O {1/2-1/2 Lukacs,P-Czebe,A/Budapest/1995/ (13)}) 12. O-O c5 13. Bg5
Qc8 14. Qd2 Ba6 15. Bxa6 Nxa6 16. a4 Re8 17. Bh6 Nc7 18. h3 Ne6 19. Nh2 f5 20.
exf6 Bxf6 21. Ng4 Bh8 22. Be3 h5 23. Nh2 cxd4 24. cxd4 Qd7 25. Nf3 {1-0 Farago,
I-Podlesnik,B/Bled/1996/ (61)}) 11. exf6 Nxf6 12. Qe2+ Qe7 13. Qxe7+ Kxe7 14.
O-O Re8 15. Bf4 Kd8 16. Nb5 Na6 17. Rac1 Re7 18. Rfe1 Rxe1+ 19. Rxe1 Bf8 20.
Bg5 Be7 21. Ne5 c5 22. Ng4 {1-0 Christiansen,L-Schroll,G/Vienna/1991/ (22)})
10... Nd7 11. Nxe4 dxe4 12. Ng5 Bd5 {Nikolic tries to improve on a pretty
rotten line, but his position is already critical.} (12... O-O 13. e6 Nf6 14.
exf7+ Kh8 15. Ne6 Qd6 (15... Qd5 16. Bc4 Qc6 17. Nxf8 Rxf8 18. Be3 Ng4 19.
O-O-O Nxe3 20. fxe3 b5 21. Bb3 Qf6 22. Kb1 Qg5 23. Rhe1 Rc8 24. Be6 {1-0
Yrjola,J-Keskisarja,T/Kuopio/1995/ (24)}) 16. Nxf8 Rxf8 17. Be3 Rxf7 18. O-O-O
Ng4 19. Kb1 Nh6 20. d5 Nf5 21. Qxe4 {1-0 Yrjola,J-Maki,V/FIN/1993/ (46)}) 13.
Bc6 $1 (13. Nxe4 O-O 14. Bg5 f6 15. exf6 Nxf6 {+/-}) 13... Bxc6 14. Qxc6 O-O
15. O-O (15. e6 fxe6 16. Qxe6+ (16. Nxe6 Qf6 17. Qxd7 Rf7 18. Qc6 Qxf2+ 19. Kd1
Qxg2 20. Re1 Qf3+ 21. Re2 Qf1+ 22. Re1 Qf3+ {=}) 16... Kh8 17. Nf7+ Rxf7 18.
Qxf7 Bxd4 19. O-O Nc5 $132) 15... Re8 (15... Rc8 16. e6 Nb8 17. exf7+ Kh8 18.
Qxe4 {+-}) 16. Qc4 Qe7 (16... Re7 17. e6 fxe6 18. Nxe6 Qc8 19. Nxc7+ Rf7 20.
Qd5 Rb8 21. Nb5 {+-}) 17. Qxc7 f6 $5 {Brave move in a desperate position,
black refuses to go under without a trace of fight.} (17... Rec8 18. Qb7 {+-})
18. Qc4+ (18. Nxe4 fxe5 19. d5 {+/-}) 18... Kh8 19. Nf7+ Kg8 20. Nh6+ Kh8 21.
Nf7+ Kg8 22. Nd6+ Qe6 (22... Kh8 23. Nxe8 Rxe8 24. Re1 fxe5 25. Rxe4 {+-}) 23.
d5 (23. Qxe6+ Rxe6 24. Nxe4 fxe5 25. d5 Ree8 26. Be3 {+-}) 23... Qxe5 24. Nxe8
Rxe8 25. d6+ Qe6 (25... Kh8 26. Qc7 Qe6 27. Rd1 {+-}) 26. Qxe6+ Rxe6 27. Rd1 f5
28. Bg5 $1 {Of course d6 pawn represents pure gold for white, he just needs to
activate his a1 rook.} Bxb2 (28... Be5 29. Rac1 $1 {+-}) 29. Ra2 Bf6 (29... Be5
30. Rc2 {+-}) 30. Bxf6 Rxf6 31. Rc2 Kf7 32. Rc7 Ke6 33. Rxa7 Rf8 34. f3 Rc8 (
34... e3 35. f4 h6 36. Re1 Rf7 37. Rxe3+ Kxd6 38. h4 {+-}) 35. fxe4 fxe4 36.
Rc7 Ra8 37. Rc3 Nc5 38. d7 Rd8 (38... Nxd7 39. Rc6+ Ke7 40. Rc7 Rd8 41. Kf2 {+-
}) 39. Kf2 Nd3+ (39... Rxd7 40. Rxd7 Kxd7 41. Rh3 {+-}) 40. Ke3 Rxd7 41. Rc6+
Ke5 (41... Ke7 42. Rxb6 Ra7 43. Ra1 Ra4 44. h4 {+-}) 42. Rc4 $1 Nc5 (42... Kf6
43. Rxe4) 43. Rxc5+ 1-0

[Event "Presov"]
[Site "Presov"]
[Date "1999.08.18"]
[Round "5"]
[White "Ftacnik, Lubomir"]
[Black "Votava, Jan"]
[Result "1/2-1/2"]
[WhiteElo "2589"]
[BlackElo "2497"]
[Annotator "Ftacnik,L"]
[PlyCount "86"]
[EventDate "1999.08.14"]
[EventType "tourn"]
[EventRounds "9"]
[EventCountry "SVK"]
[EventCategory "10"]
[SourceTitle "CBM 073"]
[Source "ChessBase"]
[SourceDate "1999.12.01"]
[SourceVersion "1"]
[SourceVersionDate "1999.12.01"]
[SourceQuality "1"]

1. d4 Nf6 2. Nf3 e6 3. c4 b6 4. a3 Bb7 5. Nc3 d5 6. cxd5 exd5 7. Qa4+ c6 8. g3
Bd6 9. Bg2 O-O 10. O-O Nbd7 11. Qc2 (11. Rd1 Re8 12. Bf4 Qe7 13. e3 Nf8 14.
Rac1 Ne6 15. Bxd6 Qxd6 16. Ne5 Re7 17. Nd3 a6 18. b4 a5 19. Qb3 axb4 20. axb4
h6 {1/2-1/2 Gruenberg,H-Bachmayr,P/Bayern/1995/ (66)}) 11... Re8 12. Rd1 Bf8 {
The solid black's structure leaves only long term plans in the ambition to get
some advantage for white.} (12... Nf8 13. Bg5 Ne6 14. Bxf6 Qxf6 15. Rac1 Rad8
16. b4 g5 17. e4 Qg7 18. exd5 cxd5 19. Qd3 Be7 20. Qf5 Bf6 {0-1 Moynihan,
K-King,D/Kilkenny/1996/ (27)}) 13. Bf4 Nh5 14. Bg5 Be7 (14... Nhf6 15. Rac1) (
14... f6 15. Bd2 Bd6 16. Re1 Rc8 17. e4 $14) 15. Bxe7 Qxe7 16. Nd2 (16. Nh4 $5
Nhf6 17. Nf5 Qe6 18. Bh3 Ne4 19. Nxe4 dxe4 20. Qc3 $14) 16... Nhf6 17. e3 (17.
Rac1 c5 $11) 17... Nf8 (17... c5 18. dxc5 Nxc5 (18... bxc5 19. Nc4 $1 $14) 19.
Rac1 $14) 18. b4 Ne6 $1 19. Nb3 (19. b5 c5 $11) (19. Qb3 c5 $1 20. bxc5 (20.
Nxd5 Nxd5 21. Bxd5 Bxd5 22. Qxd5 Rad8 23. Qf5 cxd4 $15) 20... bxc5 21. dxc5
Nxc5 22. Qb4 a5 $11) 19... Ng5 20. b5 $6 {White is obsessed by the fight
against the pawn structure, but black is alaready well prepared to assault his
kingside.} (20. Qf5 Nge4 $11) 20... cxb5 (20... c5 $2 21. dxc5 bxc5 22. Qf5 $16
) 21. Nxb5 Nge4 (21... Qd7 $5 22. Qe2 (22. Nc3 Rac8 23. Qd3 Nh3+ 24. Bxh3 (24.
Kf1 Nxf2 $1 25. Kxf2 Ng4+ 26. Kg1 Rxe3 $19) 24... Qxh3 25. Nd2 Re6 $15) 22...
Ba6 23. a4 Nh3+ 24. Bxh3 Qxh3 25. f3 Qe6 26. Re1 Rac8 $15) 22. Rdc1 $1 Rac8 (
22... Ng4 $2 23. Bxe4 dxe4 24. Qd1 $16) 23. Qb2 a6 (23... Ba6 24. Nc3 Nxc3 25.
Rxc3 Rxc3 26. Qxc3 Ne4 27. Qb2 $11) (23... Ng4 24. Bxe4 dxe4 25. Nxa7 Rxc1+ 26.
Rxc1 Qd7 27. Na1 $5 $14) 24. Nc3 h5 (24... Nxf2 $6 25. Qxf2 (25. Kxf2 $2 Qxe3+
26. Kf1 a5 27. Bh3 a4 28. Bxc8 Bxc8 29. Kg2 axb3 $15) 25... Ng4 26. Qd2 Qxe3+
27. Qxe3 Nxe3 28. Ra2 $16) 25. Nxe4 dxe4 (25... Nxe4 26. Rxc8 Rxc8 27. Rc1 Rc4
28. Bf1 $11) 26. Nd2 b5 (26... Qe6 27. Rab1 $5 $11) 27. Nb3 Bd5 (27... Nd7 28.
Rxc8 Rxc8 29. Rc1 $11) 28. Nc5 Rc6 (28... Qd6 29. a4 $14) 29. a4 Rb8 30. Bf1 $2
{This idea is too ambitious and exposes white king even more.} (30. axb5 axb5 (
30... Rxb5 31. Qe2 Rcb6 32. Rxa6 Rb2 33. Qf1 $16) 31. Na6 $1 Rbb6 32. Nb4 (32.
Qb4 $14) 32... Rxc1+ 33. Rxc1 Bb7 34. Rc5 $14) 30... Qd6 $1 31. axb5 axb5 32.
Qb4 (32. Ra5 b4 33. Rca1 h4 $36) 32... h4 $1 33. Ra5 (33. gxh4 $2 Ng4 $19) (33.
Na6 $2 Rxa6 34. Qxd6 Rxd6 $19) 33... hxg3 34. hxg3 (34. fxg3 Ng4 35. Qd2 Qh6
36. Re1 Ne5 37. Be2 $13) 34... Ng4 35. Be2 (35. Rxb5 Rxb5 36. Bxb5 (36. Qxb5
Qh6 37. Bg2 Qh2+ 38. Kf1 Nxe3+ 39. fxe3 Rf6+ 40. Ke1 Qxg3+ $19) 36... Qh6 $1
37. Rc2 Qh2+ 38. Kf1 Rf6 39. Qe1 Qh1+ 40. Ke2 Rxf2+ $19) 35... Nxe3 $1 36. Rxb5
(36. fxe3 Qxg3+ 37. Kf1 Rf6+ $19) 36... Rxb5 $2 {The time trouble move opens
scope for white's counterplay as a compensation for his already burning house.}
(36... Rbc8 $1 37. Qc3 Nf5 38. Bg4 e3 $1 39. Rb2 (39. Bxf5 Qh6 40. Be4 Bxe4 41.
Nxe4 exf2+ 42. Kxf2 Rxc3 $19) 39... Qh6 40. f3 Nxg3 41. Rh2 Qf4 42. Bxc8 Qxf3
$19) 37. Bxb5 (37. Qxb5 $2 Nf5 38. Qb2 e3 $19) 37... Rb6 (37... Nf5 38. Bxc6 e3
39. Bxd5 exf2+ 40. Kxf2 Qxg3+ 41. Ke2 $18) 38. Qc3 Nf5 (38... Rxb5 39. Qxe3 $11
) 39. Nd7 $5 (39. Bd7 Qf6 (39... e3 $2 40. Bxf5 Qh6 41. Be4 exf2+ 42. Kg2 $18)
40. Na4 Rb8 41. Qc7 Rf8 42. Nb6 Ne7 $11) 39... Rxb5 40. Qc8+ Kh7 41. Nf8+ Kg8 (
41... Kh6 42. Qxf5 g6 (42... Qxf8 43. Rc8 Rb1+ 44. Kh2 e3 45. Qh3+ Kg6 46. Qg4+
Kf6 47. Qf4+ $11) 43. Qh3+ (43. Qd7 Qxd7 44. Nxd7 Rb4 $15) 43... Kg7 (43... Kg5
$4 44. Nh7#) 44. Rc8 Rb1+ 45. Kh2 e3 46. Qh7+ Kf6 47. Qh4+ Kf5 (47... g5 48.
Qh6+ Ke7 49. Qxg5+ Qf6 50. Qxe3+ Qe6 51. Qxe6+ fxe6 52. g4 $16) 48. f3 (48.
Qh3+ $2 Ke4 $19) 48... e2 (48... Bxf3 $2 49. Rc5+ Bd5 50. Rxd5+ Qxd5 51. Qf4#)
49. Qh3+ Kf6 50. Qh4+ $11) 42. Nd7+ Kh7 43. Nf8+ Kg8 1/2-1/2